000 00521cam a2200145 a 4500
020 _a0396082645 (pbk.) :
_c$10.95
050 1 0 _aRJ61
_b.S44 1983
100 1 _aSears, William,
_dM.D.
245 1 0 _aCreative parenting :
_bhow to use the new continuum concept to raise children successfully from birth through adolescence /
_cby William Sears ; illustrated by Monique Trempe-Taray.
260 _aNew York :
_bDodd, Mead,
_c1983, c1982.
300 _a512 p. :
500 _aIncludes index.
650 0 _xCare.
942 _2lcc
_cGEN
999 _c6255
_d6255